| 000 | 00624nam a22001937a 4500 | ||
|---|---|---|---|
| 999 |
_c16933 _d16933 |
||
| 008 | 180707b xxu||||| |||| 00| 0 eng d | ||
| 020 | _a0071813808 | ||
| 040 |
_aKABU _cKABU |
||
| 050 |
_aRC86.7 _b.C87 2011 c. 1 |
||
| 245 |
_aCurrent diagnosis & treatment _bemergency medicine _cedited by C. Keith Stone, Roger L. Humphries |
||
| 250 | _a7th ed. | ||
| 260 |
_aNew York _bMcGraw-Hill Medical _c2011 |
||
| 300 | _axiii, 1009 p. | ||
| 650 | _aEmergency medicine | ||
| 650 |
_aEmergency medicine _xDiagnosis |
||
| 700 | _aStone, C. Keith (ed.) | ||
| 700 | _aHumphries, Roger L. | ||
| 942 |
_2lcc _cBK _e7th ed. _hRC86.7 |
||